03270nam a2200373 i 4500001001400000003000700014005001700021006001900038007000600057008004100063010001700104020001800121040003100139041001200170042000800182050002300190245012500213260007000338300004400408504005100452506004300503520195900546650005502505650003502560650002602595650002302621650004902644653002602693700002902719700002902748942000802777952009602785999001502881ssj0001822731WaSeSS20260512145816.0m d cr n150821s2016 maua sb 001 0 eng d a 2015030653 a9780262029773 aDLCbengcDLCdDLCdWaSeSS aEnglish apcc00aHC79.T4bR496 201600aRevolutionizing innovationb: users, communities, and open innovation c/ Dietmar Harhoff and Karim R. Lakhani, editors. aCambridge, Massachusetts ;aLondon, England :bMIT Press,c[2016] axv, 577 pages :billustrations ;c23 cm aIncludes bibliographical references and index. aLicense restrictions may limit access. aA comprehensive and multidisciplinary view of the emerging paradigm of user and open innovation, offering both theoretical and empirical perspectives. The last two decades have witnessed an extraordinary growth of new models of managing and organizing the innovation process that emphasizes users over producers. Large parts of the knowledge economy now routinely rely on users, communities, and open innovation approaches to solve important technological and organizational problems. This view of innovation, pioneered by the economist Eric von Hippel, counters the dominant paradigm, which cast the profit-seeking incentives of firms as the main driver of technical change. In a series of influential writings, von Hippel and colleagues found empirical evidence that flatly contradicted the producer-centered model of innovation. Since then, the study of user-driven innovation has continued and expanded, with further empirical exploration of a distributed model of innovation that includes communities and platforms in a variety of contexts and with the development of theory to explain the economic underpinnings of this still emerging paradigm. This volume provides a comprehensive and multidisciplinary view of the field of user and open innovation, reflecting advances in the field over the last several decades. The contributors—including many colleagues of Eric von Hippel—offer both theoretical and empirical perspectives from such diverse fields as economics, the history of science and technology, law, management, and policy. The empirical contexts for their studies range from household goods to financial services. After discussing the fundamentals of user innovation, the contributors cover communities and innovation; legal aspects of user and community innovation; new roles for user innovators; user interactions with firms; and user innovation in practice, describing experiments, toolkits, and crowdsourcing, and crowdfunding. 0aTechnological innovations xEconomic aspects93594 0aDiffusion of innovations94432 0aResearch, Industrial. 0aNew products98236 0aInformation technologyxSocial aspects97710 aResearch, Industrial. aHarhoff, Dietmar.925926 aLakhani, Karim R.925927 2lcc 00102lcc4070aTBSbTBSd2025-09-18l0oHC79.T4 HARpB07665r2025-09-18t1w2025-09-18y1 c4968d4968